Responses for show #5951 - Monday, June 28, 2010

Contestants

Stefanie Small, a geriatric social worker from Pittsburgh, Pennsylvania

Katie Bruton, a grad student and European History teaching assistant from Huntsville, Alabama

Janet Bradlow, an insurance agent from New York, New York (whose 2-day cash winnings total $38,000)

Jeopardy! Round responses

MUSIC
COLLEGE BASKETBALL COACHES
(Alex: You have to ID the school for us.)
THE GREAT & POWERFUL WOZ
IS THERE A DOCTOR IN THE BOOK?
EVEN MONEY
VERBS
    $200 3
Handel

Stefanie
    $200 2
(Alex: Oh, won all those NCAA titles--what is [*]? In the Pac-10.)

UCLA

Triple Stumper
    $200 20
Apple

Stefanie
    $200 15
(Stefanie: What is Sphere?)
(Katie: What is Outbreak?)

The Andromeda Strain

KatieStefanie
Triple Stumper
    $200 10
the $10

Janet
    $200 1
impersonate

Katie
    $400 4
"Chopsticks"

Stefanie
    $400 27
Indiana

Janet
    $400 21
(Janet: What is Douglas?)

Lockheed

JanetKatie
    $400 16
Las Vegas

Stefanie
    $400 11
the $500 bill

Katie
    $400 6
hog

Janet
    $600 5
comic opera

Janet
    $600 28
(Alex: The old basketball powerhouse...)

University of North Carolina

Triple Stumper
    $600 22
amnesia

Katie
    $600 18
Dr. Moreau

Katie
    $600 12
the 50-cent piece

Katie
    $1,000 7
(Janet: Um...)
(Alex: Janet?)
(Janet: Um... what is...)

editorialize

Janet
    $800 17
a recital

Janet
    $800 29
Syracuse

Janet
    $800 23
a remote

Stefanie
    $800 25
Murder on the Orient Express

Katie
    $800 13
$2 bills

Janet
    $800 8
deliver

Katie
    $1000 19
Sir Edward Elgar

Triple Stumper
    $1000 30
(Alex: Another basketball powerhouse...)

the University of Kansas

Triple Stumper
    $1000 24
(Katie: What is Live Aid?)

the US Festival

Katie
Triple Stumper
    $1000 26
Candide

Stefanie
    $1000 14
the Roosevelt dime

Triple Stumper
    $1000 9
strafe

Janet

Scores at the first commercial break (after clue 15):

Janet Katie Stefanie
$2,000 $1,800 $400

Scores at the end of the Jeopardy! Round:

Janet Katie Stefanie
$3,600 $3,200 $2,800

Double Jeopardy! Round responses

ARTISTS
RHYMING FOLKS
TABLOID HEADLINES ACROSS HISTORY
GOVERNMENTAL STUPID ANSWERS
I'M AUSTRALIAN
"MATE"
    $400 1
Renoir

Janet
    $400 2
Fay Wray

Janet
    $400 8
MacArthur

Stefanie
    $400 26
Head Start

Katie
    $400 21
Speedo

Janet
    $400 7
to cremate

Katie
    $800 14
(Janet: Who's Wyeth?)
(Alex: Which one?)

Andrew Wyeth

Janet
    $800 3
Harry Caray

Janet
    $800 9
Pancho Villa

Katie
    $800 27
term

Janet
    $800 22
the United Nations

Katie
    $800 17
a stalemate

Stefanie
    $1200 13
Modigliani

Janet
    $1200 4
Jack Black

Stefanie
    $1200 10
De Gaulle

Janet
    $1200 28
Kal Penn

Stefanie
    $1200 23
penicillin

Janet
    $1200 18
a primate

Janet
    $2,000 15
(Janet: Oh. Um... who is... ohh. I know it. Um...
(Alex: Hurry.)
[Beep]
(Janet: Ohh.)
(Alex: He was very much in the news--)
(Janet: Klemt.)
(Alex: --last year. Gus--Gus--)
(Janet: It's Klemt--Klimt. Klimt.)
(Alex: Not--not verklempt.)
(Janet: Klimt. Ver--Klimt. Who is Klimt? Klimt.)
(Alex: Who is [*]? All right, you drop down a bit.)

Gustav Klimt

Janet
    $1600 5
Cheri Oteri

Triple Stumper
    $1600 11
Magellan

Janet
    $1600 29
(Stefanie: What is the House of Representatives?)
(Katie: What is the State Building?)
(Janet: What is the Ohio House?)

the State House

JanetKatieStefanie
Triple Stumper
    $2,000 24
[Janet has a huge grin as she gives the response.]
(Alex: You are right, and you wish you had risked more than the $2,000.)
(Janet: [Laughing] I wish I had a True Daily Double.)
(Alex: I know. I know.)

The Thorn Birds

Janet
    $1600 19
acclimate

Janet
    $2000 16
Constantin Brancusi

Triple Stumper
    $2000 6
Wavy Gravy

Janet
    $2000 12
Alexander the Great

Stefanie
    $2000 30
the Undersecretary of Defense (for Intelligence)

Katie
    $2000 25
a cochlear implant

Janet
    $2000 20
decimate

Janet

Scores at the end of the Double Jeopardy! Round:

Janet Katie Stefanie
$19,600 $6,000 $6,800
(lock game)

[wagering suggestions for these scores]

Final Jeopardy! Round responses

BOTANICAL ETYMOLOGY
(Alex: The plant is also known as deadly nightshade, but that's not what we were looking for as your response.)
KatieWhat is an iris?
$6,000
StefanieWhat is iris?
$5,201
JanetWhat is belladonna?
$400
belladonna

Final scores:

Janet Katie Stefanie
$20,000 $0 $1,599
3-day champion: $58,000 3rd place: $1,000 2nd place: $2,000

Game dynamics:

Coryat scores:

Janet Katie Stefanie
$22,200 $6,000 $6,800
24 R
(including 1 DD),
4 W
(including 2 DDs)
13 R,
3 W
11 R,
2 W

Combined Coryat: $35,000

The J! Archive is created by fans, for fans. The Jeopardy! game show and all elements thereof, including but not limited to copyright and trademark thereto, are the property of Jeopardy Productions, Inc. and are protected under law. This website is not affiliated with, sponsored by, or operated by Jeopardy Productions, Inc. Join the discussion at JBoard.tv.